000 00597nam a2200205Ia 4500
003 GCL
008 140319s9999 xx 000 0 eng d
040 _aGCL /
_cGCL
082 0 4 _a371.10091724
_bF T
100 1 _aFARRELL, JOSEPH P.
245 1 0 _aTeachers In Developing Countries: Improving Effectiveness And Managing Costs /
_cFARRELL, JOSEPH P.
700 1 _aOLIUEIRA, JOOO B.
260 _a[S.N] :
_bTHE WORLD BANK ،
_c1993
650 0 4 _aSALARIES
650 0 4 _aCONGRESSES
650 0 4 _aTEACHERS
650 0 4 _aCONGRESSES COUNTRIES
650 0 4 _aDEVELOPING COUNTRIES
942 _2ddc
_cBK
999 _c23688
_d23688